000 00394nam a2200169Ia 4500
008 240126s9999 xx 000 0 und d
022 _a0974-1054
041 _aEnglish
082 _aLIBRARY-XIX
245 0 _aLinux For You (2004 -
260 _bEFYGroup
300 _cCD6189
440 _aNULL
650 _aComputer Science
650 _aLinux,(2004,-,Computer Science
942 _cJN
999 _c270282
_d270282